000 01044ntaaa2200241 4500
003 01
005 20251027203335.0
008 0714s1973 ag 01
040 _aAR-BaBN
_bspa
_cAR-BaBN
_eaacr
_dRIC
100 _aSantos, Juan
_937181
245 _aEl testimonio del pueblo de Dios a través de la historia /
_cJuan Santos
260 _aBuenos Aires,
_c2014
300 _a35 h. ;
_c30 cm.
500 _a"En convenio con la Asamblea Apostólica de la fe en Cristo Jesús"
500 _aBibliografía en h. 35
502 _a(licenciatura)-Seminario Internacional Teológico Bautista, 2014
505 _tCap. 1. El mandato de Dios a su pueblo de ser testigo a las naciones
505 _tCap. 2. Los hitos del testimonio del pueblo de Dios en el AT
505 _tCap. 3. Los hitos del testimonio del pueblo de Dios en el NT, principiando Jerusalén, Samaria, Antioquía y Europa
505 _tCap. 4. Los hitos del testimonio del pueblo de Dios en los Hechos de los Apóstoles, que trascienden en AAFCJ
650 _aTESIS
942 _cBK
999 _c28902
_d28902